00955nac a22002291u 4500010001500000020002800015082002300043090001500066100003400081245007300115260003400188300003400222440003300256500007800289504006600367650003400433650003300467856007500500942002500575999001500600952011000615 a2003066218 a0387202862 (alk. paper)00a332.0151955bC2879 c1283d1283 aCarmona, R. 10aStatistical analysis of financial data in S-PLUS /cRene A. Carmona. aNew York :bSpringer,cc2004. axvi, 451 p. :bill. ;c24 cm. 0aSpringer texts in statistics aBased on the author's lecture notes for a course at Princeton University. aIncludes bibliographical references (p. 429-432) and indexes. 0aFinancexMathematical models. 0aFinancexEconometric models.413Table of contentsuhttp://www.loc.gov/catdir/toc/fy044/2003066218.html cBBk332.0151955C2879 c1283d1283 00104070aMAINbMAINc1STd2006-08-31ePurchasel0o332.0151955 CARp000003191r2025-07-15 00:00:00yBB